Решения задач по исчислению бесконечно-малых величин за 2 семестр 1906-1907 гг, проверенные профессором Ф. Э. Молиным; Руководство для практических занятий в электротехнической лаборатории. Часть 2
| Hovedforfatter: | |
|---|---|
| Summary: | Литогр. изд. Издал студент С. В. Новокрещенов. Конволют. |
| Sprog: | russisk |
| Udgivet: |
Томск, Т-во "Печатня С. П. Яковлева", 1907
|
| Copublished: | В. М. Хрущев. Руководство для практических занятий в электротехнической лаборатории. Часть 2 |
| Fag: | |
| Format: | Bog |
| KOHA link: | https://koha.lib.tpu.ru/cgi-bin/koha/opac-detail.pl?biblionumber=268841 |
MARC
| LEADER | 00000nam0a2200000 4500 | ||
|---|---|---|---|
| 001 | 268841 | ||
| 005 | 20231031224304.0 | ||
| 035 | |a (RuTPU)RU\TPU\book\291997 | ||
| 035 | |a RU\TPU\book\229031 | ||
| 090 | |a 268841 | ||
| 100 | |a 20140909d1907 k y0rusy50 ca | ||
| 101 | 0 | |a rus | |
| 102 | |a RU | ||
| 105 | |a a j 000zy | ||
| 200 | 1 | |a Решения задач по исчислению бесконечно-малых величин за 2 семестр 1906-1907 гг, проверенные профессором Ф. Э. Молиным |f Ф. (Т.) Э. Молин | |
| 210 | |a Томск |c Т-во "Печатня С. П. Яковлева" |d 1907 | ||
| 215 | |a 59 с. | ||
| 300 | |a Литогр. изд. | ||
| 300 | |a Издал студент С. В. Новокрещенов. | ||
| 300 | |a Конволют. | ||
| 316 | |5 63413507: 2//530 |a С автографом издателя. На титульном листе надпись: "Библиотеке бесплатно от издателя. 15.01.1908 г." | ||
| 317 | |5 63413507: 2//530 |a Дар издателя. | ||
| 423 | |t Руководство для практических занятий в электротехнической лаборатории. Часть 2 |f В. М. Хрущев |c Томск |n Сибирское Т-во Печатного Дела |d 1913 |a Хрущев, Василий Михайлович | ||
| 610 | 1 | |a математика | |
| 610 | 1 | |a учебные пособия | |
| 610 | 1 | |a труды учёных ТПУ | |
| 610 | 1 | |a дары библиотеке | |
| 610 | 1 | |a дарственная надпись | |
| 610 | 1 | |a бесконечно малые величины | |
| 675 | |a 517 |v 3 | ||
| 700 | 1 | |a Молин |b Ф. (Т.) Э. |c российский математик |c профессор Томского технологического института (1900-1941) |f 1861-1941 |g Федор (Теодор) Эдуардович |2 stltpush |3 (RuTPU)RU\TPU\pers\21843 | |
| 801 | 0 | |a RU |b 63413507 |c 20011210 |g PSBO | |
| 801 | 2 | |a RU |b 63413507 |c 20141017 |g PSBO | |
| 942 | |c BK | ||